=LDR 00000nam 2200000 4500 =001 INLIS000000000039076 =005 20130612144730 =008 ***********************************ind** =035 ##$$0010-061300000039076 =041 ##$$a ind =082 ##$$a 728 =090 ##$$a 728, Odo d =100 ##$$a ODOP, Nistain =245 ##$$a 22 Desain rumah modern minimalis, Nistain odop =260 ##$$a Media presindo6c2010 $b Yogyakarta =300 ##$$a 104 Hlm, Ilus, 22 cm =650 ##$$a DESAIN RUMAH =850 ##$$a NBPNMAT =990 ##$$a 91345/BPAP-NTB/2014 =990 ##$$a 21195309/BPAP-NTB/2014 =990 ##$$a 0001/BPAP-NTB/20142015